Determinanty politiky finančných služieb v EÚ

Vymedzenie finančných služieb. Formovanie vnútorného trhu EÚ v oblasti finančných služieb. Politika kolektívneho financovania a politika EÚ pre finančné technológie.

Salvato in:
Dettagli Bibliografici
Autore principale: Kubranová, Magdaléna, 1956-
Natura: Capitolo di libro
Lingua:slovacco
Soggetti:
Tags: Aggiungi Tag
Nessun Tag, puoi essere il primo ad aggiungerne!!

MARC

LEADER 00000naa$a2200000$$$4500
001 0250723
005 20240502074023.7
041 0 |a slo 
044 |a SK 
245 1 0 |a Determinanty politiky finančných služieb v EÚ  |c Magdaléna Kubranová 
520 |a Vymedzenie finančných služieb. Formovanie vnútorného trhu EÚ v oblasti finančných služieb. Politika kolektívneho financovania a politika EÚ pre finančné technológie. 
610 2 0 |a politika finančná 
610 2 0 |a služby finančné 
610 2 0 |a financovanie 
610 2 0 |a Európska únia 
610 2 0 |a Európske spoločenstvá 
610 2 0 |a regulácia finančná 
100 1 |a Kubranová, Magdaléna, 1956-